|
|
|
|
| LEADER |
00000nab a2200000 a 4500 |
| 001 |
vtls000575027 |
| 003 |
SK-MaSNL |
| 005 |
20260303222026.0 |
| 008 |
180331c1996 xo 0 hun |
| 015 |
|
|
|a SNBRB19rr/mm-uuuuu
|
| 035 |
|
|
|a CL0575165
|
| 040 |
|
|
|a SNKBUCL
|b slo
|c SNKBUCL
|e AACR2
|
| 041 |
0 |
|
|a hun
|
| 044 |
|
|
|a xo
|c SK
|
| 080 |
|
|
|a 894.511 (437.6)-3=945.11
|2 1981
|
| 100 |
1 |
|
|a Duba, Gyula,
|d 1930-2024
|4 aut
|9 100813
|
| 245 |
1 |
0 |
|a Álombeli albérlet
|c Gyula Duba ; Illusztr. Albín Brunovský
|
| 300 |
|
|
|b Obr. 1
|
| 650 |
0 |
7 |
|a poviedky psychologické
|2 snkbucl
|9 893883
|
| 655 |
|
7 |
|a články z novín a časopisov
|2 snkbucl
|9 267496
|
| 655 |
|
7 |
|a články z odboru literárna veda a krásna literatúra
|2 snkbucl
|9 770045
|
| 700 |
1 |
|
|a Brunovský, Albín,
|d 1935-1997
|4 ill
|9 194164
|
| 773 |
0 |
|
|t Irodalmi szemle
|g Roč. 39, č. 1 (1996), s. 58-66
|
| 850 |
|
|
|a Slovenská národná knižnica v Martine
|a DSG001
|
| 852 |
|
|
|a SNK
|b KIS3GCP
|
| 958 |
|
|
|a RK
|
| 958 |
|
|
|a HU
|
| 958 |
|
|
|a LX
|
| 958 |
|
|
|a SK
|
| 992 |
|
|
|a RBX
|
| 999 |
|
|
|c 2237723
|d 2239653
|